000 00314nam a22001337a 4500
008 170922b xxu||||| |||| 00| 0 eng d
020 _a9780787649739
041 _aeng
080 _a37
100 _a46
101 _aEDU
245 _aBEACHAM'S GUIDE TO LITERATURE FOR YOUNG ADULTS
_cBEETZ,K,H
942 _2udc
_cBK
999 _c29072
_d29072